[Event "Winnipeg TNT March op"]
[Site "Winnipeg CAN"]
[Date "2009.03.31"]
[Round "5"]
[White "Gibbons, Lorne"]
[Black "Menard, Trevor"]
[Result "0-1"]
[WhiteElo "1232"]
[BlackElo "1338"]
[PlyCount "52"]
[GameId "2160767910239911"]
[EventDate "2009.03.03"]
[EventType "swiss"]
[EventRounds "5"]
[EventCountry "CAN"]
[SourceTitle "EXT 2011"]
[Source "ChessBase"]
[SourceDate "2011.11.26"]
[SourceVersion "1"]
[SourceVersionDate "2011.11.26"]
[SourceQuality "1"]

1. d4 d5 2. c4 Nc6 3. cxd5 Qxd5 4. e3 a6 5. Nc3 Qd7 6. a3 Nf6 7. Qa4 b6 8. b4 Bb7 9. Nf3 Nd5 10. Bb2 f6 11. Be2 Nxc3 12. Bxc3 b5 13. Qc2 O-O-O 14. O-O g5 15. Nd2 Bg7 16. a4 Na7 17. h3 h5 18. g4 hxg4 19. Bxg4 e6 20. Qg6 f5 21. Qxg5 fxg4 22. Qxg4 Rdg8 23. Nf3 Bxd4 24. Ng5 Bxc3 25. Rad1 Qc6 26. Kh2 Rxh3+ 0-1

[Event "Winnipeg TNT March op"]
[Site "Winnipeg CAN"]
[Date "2009.03.31"]
[Round "5"]
[White "Green, Aaron"]
[Black "Wiebe, Daniel"]
[Result "1/2-1/2"]
[WhiteElo "1817"]
[BlackElo "1939"]
[PlyCount "66"]
[GameId "2160767910239912"]
[EventDate "2009.03.03"]
[EventType "swiss"]
[EventRounds "5"]
[EventCountry "CAN"]
[SourceTitle "EXT 2011"]
[Source "ChessBase"]
[SourceDate "2011.11.26"]
[SourceVersion "1"]
[SourceVersionDate "2011.11.26"]
[SourceQuality "1"]

1. e4 c5 2. Nf3 d6 3. d4 cxd4 4. Nxd4 Nf6 5. Nc3 a6 6. Be2 e5 7. Nb3 Be7 8. O-O O-O 9. Be3 Be6 10. f4 exf4 11. Rxf4 Ne8 12. Rf1 Bf6 13. Bd4 Nc6 14. Bxf6 Nxf6 15. Bf3 Ne5 16. Be2 Rc8 17. Kh1 Nc4 18. Bxc4 Bxc4 19. Re1 Qc7 20. Nd4 b5 21. a3 Rfd8 22. Qf3 d5 23. e5 Ne4 24. Nxe4 dxe4 25. Qxe4 Qc5 26. c3 a5 27. Qe3 b4 28. axb4 axb4 29. Nf5 bxc3 30. bxc3 Be6 31. Nd6 Qxe3 32. Rxe3 Rc7 33. Nb5 Rc5 1/2-1/2

[Event "Winnipeg TNT March op"]
[Site "Winnipeg CAN"]
[Date "2009.03.31"]
[Round "5"]
[White "Green, Jim"]
[Black "De Groot, Stephen"]
[Result "0-1"]
[WhiteElo "1817"]
[BlackElo "1620"]
[PlyCount "76"]
[GameId "2160767910239913"]
[EventDate "2009.03.03"]
[EventType "swiss"]
[EventRounds "5"]
[EventCountry "CAN"]
[SourceTitle "EXT 2011"]
[Source "ChessBase"]
[SourceDate "2011.11.26"]
[SourceVersion "1"]
[SourceVersionDate "2011.11.26"]
[SourceQuality "1"]

1. e4 c5 2. Nf3 d6 3. Bb5+ Bd7 4. Bxd7+ Qxd7 5. O-O Nc6 6. c3 Nf6 7. Qe2 e6 8. Rd1 Be7 9. d4 d5 10. exd5 exd5 11. dxc5 O-O 12. b4 Rfe8 13. Qc2 a5 14. b5 Na7 15. a4 Bxc5 16. Nd4 Qg4 17. Be3 Rac8 18. h3 Qh5 19. Qd3 Ne4 20. Nd2 b6 21. N2f3 Rc7 22. Rdc1 Nc8 23. Bf4 Ncd6 24. Bxd6 Nxd6 25. Nc6 Nc4 26. Re1 Rcc8 27. Nfd4 g6 28. Nf3 Kg7 29. Re2 Rxe2 30. Qxe2 Rc7 31. Re1 Nd6 32. Qe5+ Qxe5 33. Rxe5 Ne4 34. Rxd5 Nxc3 35. Rd2 Nxa4 36. Nfe5 Nc3 37. Rc2 Nxb5 38. Nc4 Rxc6 0-1

[Event "Winnipeg TNT March op"]
[Site "Winnipeg CAN"]
[Date "2009.03.31"]
[Round "5"]
[White "Greenberg, Harley"]
[Black "Campbell, Gary"]
[Result "1-0"]
[WhiteElo "1768"]
[BlackElo "1640"]
[PlyCount "45"]
[GameId "2160767910239914"]
[EventDate "2009.03.03"]
[EventType "swiss"]
[EventRounds "5"]
[EventCountry "CAN"]
[SourceTitle "EXT 2011"]
[Source "ChessBase"]
[SourceDate "2011.11.26"]
[SourceVersion "1"]
[SourceVersionDate "2011.11.26"]
[SourceQuality "1"]

1. e4 e6 2. d4 d5 3. Nd2 Nf6 4. e5 Nfd7 5. Nb3 c5 6. Nf3 Nc6 7. dxc5 Ndxe5 8. Bb5 Bd7 9. O-O Be7 10. Bf4 Ng6 11. Bg3 O-O 12. Qe2 Rc8 13. Rad1 a6 14. Bxc6 Rxc6 15. c4 dxc4 16. Qxc4 Bf6 17. Nbd4 Rc8 18. b4 Bb5 19. Nxb5 axb5 20. Qxb5 Qe7 21. Nd4 Ne5 22. Rfe1 Nc6 23. Bd6 1-0

[Event "Winnipeg TNT March op"]
[Site "Winnipeg CAN"]
[Date "2009.03.31"]
[Round "5"]
[White "Kernetsky, Myron"]
[Black "Lauritson, Jim"]
[Result "1/2-1/2"]
[WhiteElo "1957"]
[BlackElo "1882"]
[PlyCount "98"]
[GameId "2160767910239915"]
[EventDate "2009.03.03"]
[EventType "swiss"]
[EventRounds "5"]
[EventCountry "CAN"]
[SourceTitle "EXT 2011"]
[Source "ChessBase"]
[SourceDate "2011.11.26"]
[SourceVersion "1"]
[SourceVersionDate "2011.11.26"]
[SourceQuality "1"]

1. d4 Nf6 2. c4 e6 3. Nf3 b6 4. a3 Bb7 5. Nc3 d5 6. cxd5 exd5 7. Bf4 c6 8. e3 Be7 9. Bd3 Nbd7 10. h3 O-O 11. O-O Re8 12. Qc2 Nf8 13. b4 Ng6 14. Bh2 Bd6 15. Bxd6 Qxd6 16. Rfb1 Rac8 17. Bf5 Rc7 18. a4 Bc8 19. Bd3 Bd7 20. a5 b5 21. Rb2 a6 22. Re1 Bc8 23. e4 dxe4 24. Nxe4 Nxe4 25. Rxe4 Rxe4 26. Bxe4 Be6 27. Qc3 Bd5 28. Re2 Nf4 29. Re1 Re7 30. Bxd5 Rxe1+ 31. Qxe1 cxd5 32. Qe8+ Qf8 33. Qe3 Ne6 34. Qc3 Qe8 35. g3 f6 36. Kg2 Qd7 37. Ne1 Ng5 38. h4 Ne4 39. Qc2 Qd6 40. Nd3 Kf7 41. Qc8 g5 42. hxg5 Nxg5 43. Qb7+ Qe7 44. Qxd5+ Kg7 45. Nc5 Qe2 46. Qb7+ Kh6 47. Qc6 Kg6 48. d5 Qf3+ 49. Kg1 Qd1+ 1/2-1/2

[Event "Winnipeg TNT March op"]
[Site "Winnipeg CAN"]
[Date "2009.03.31"]
[Round "5"]
[White "Khedkar, Jay S"]
[Black "Wierda, John"]
[Result "1-0"]
[WhiteElo "1974"]
[BlackElo "1754"]
[PlyCount "69"]
[GameId "2160767910239916"]
[EventDate "2009.03.03"]
[EventType "swiss"]
[EventRounds "5"]
[EventCountry "CAN"]
[SourceTitle "EXT 2011"]
[Source "ChessBase"]
[SourceDate "2011.11.26"]
[SourceVersion "1"]
[SourceVersionDate "2011.11.26"]
[SourceQuality "1"]

1. e4 e6 2. d4 d5 3. Nd2 c5 4. Ngf3 a6 5. c3 Nf6 6. e5 Nfd7 7. Bd3 Nc6 8. b3 Qb6 9. Bb2 Be7 10. Qe2 O-O 11. O-O cxd4 12. c4 dxc4 13. Nxc4 Qc7 14. Nxd4 Nxd4 15. Bxd4 Bc5 16. Bb2 f5 17. a4 Rd8 18. Rac1 Nf8 19. Nd6 Qb6 20. Nxc8 Raxc8 21. Bc4 Qc6 22. Rfd1 Rxd1+ 23. Rxd1 Kh8 24. Qd3 Qe8 25. Qf3 Qe7 26. g3 a5 27. Bc3 b6 28. Bd4 h6 29. Qe3 Rd8 30. Rd3 Nd7 31. Bb5 Bxd4 32. Qxd4 Kh7 33. Bxd7 g5 34. Qd6 Qf7 35. Qc7 1-0

[Event "Winnipeg TNT March op"]
[Site "Winnipeg CAN"]
[Date "2009.03.31"]
[Round "5"]
[White "Magnusson, Saul"]
[Black "Wasserman, Arie"]
[Result "1-0"]
[WhiteElo "1461"]
[BlackElo "1690"]
[PlyCount "105"]
[GameId "2160767910239917"]
[EventDate "2009.03.03"]
[EventType "swiss"]
[EventRounds "5"]
[EventCountry "CAN"]
[SourceTitle "EXT 2011"]
[Source "ChessBase"]
[SourceDate "2011.11.26"]
[SourceVersion "1"]
[SourceVersionDate "2011.11.26"]
[SourceQuality "1"]

1. e4 e5 2. Nf3 Nc6 3. Bc4 Nf6 4. Ng5 d5 5. exd5 Nxd5 6. Nxf7 Kxf7 7. Qf3+ Qf6 8. Bxd5+ Be6 9. Bxe6+ Kxe6 10. Qb3+ Kd7 11. Nc3 Bc5 12. Ne4 Qe7 13. Qd5+ Bd6 14. O-O Rab8 15. c3 h6 16. Re1 Rbe8 17. d4 Kc8 18. Nxd6+ Qxd6 19. Qf7 Qf6 20. Qh5 g6 21. Qh3+ Kb8 22. d5 Ne7 23. c4 Ref8 24. Qg3 Nf5 25. Qxe5 Nd4 26. Qxf6 Rxf6 27. Bxh6 Rf7 28. Rad1 c5 29. Be3 Rhf8 30. Rd2 Re8 31. Bf4+ Rxf4 32. Rxe8+ Kc7 33. b4 Rg4 34. Kf1 cxb4 35. h3 Rf4 36. g3 Nf3 37. d6+ Kd7 38. Re7+ Kd8 39. Rde2 Rxc4 40. Kg2 Nd4 41. R2e4 b5 42. Rxa7 Nc6 43. Rxc4 bxc4 44. Rc7 Na5 45. Rc5 b3 46. axb3 Nxb3 47. Rxc4 Kd7 48. Rc3 Nd4 49. Rd3 Nf5 50. Kf3 Nxd6 51. Kg4 Ke6 52. Rxd6+ Kxd6 53. Kg5 1-0

[Event "Winnipeg TNT March op"]
[Site "Winnipeg CAN"]
[Date "2009.03.31"]
[Round "5"]
[White "Mundwiler, Les"]
[Black "Boron, Anthony"]
[Result "0-1"]
[WhiteElo "2005"]
[BlackElo "1993"]
[PlyCount "68"]
[GameId "2160767910239918"]
[EventDate "2009.03.03"]
[EventType "swiss"]
[EventRounds "5"]
[EventCountry "CAN"]
[SourceTitle "EXT 2011"]
[Source "ChessBase"]
[SourceDate "2011.11.26"]
[SourceVersion "1"]
[SourceVersionDate "2011.11.26"]
[SourceQuality "1"]

1. e4 c5 2. Nc3 e6 3. g3 d5 4. d3 d4 5. Nce2 e5 6. Bg2 Nc6 7. Nf3 Bg4 8. h3 Bh5 9. g4 Bg6 10. Ng3 Be7 11. h4 h5 12. g5 Qc7 13. Bh3 b5 14. O-O c4 15. a3 a6 16. Re1 Ra7 17. c3 Bc5 18. dxc4 bxc4 19. Qa4 dxc3 20. Nxe5 Nge7 21. Bd7+ Kf8 22. Nxg6+ fxg6 23. Bxc6 Qxg3+ 24. Kh1 Qf3+ 25. Kh2 Qxf2+ 26. Kh3 Qxe1 27. Qxc4 Qh1+ 28. Kg3 Bd6+ 29. e5 Bxe5+ 30. Kf2 Qxc6 31. Qa2 Bd4+ 32. Be3 Qb6 33. bxc3 Bxe3+ 34. Ke2 Bf4 0-1

[Event "Winnipeg TNT March op"]
[Site "Winnipeg CAN"]
[Date "2009.03.31"]
[Round "5"]
[White "Rutter, Blair"]
[Black "Einarsson, Ken"]
[Result "1-0"]
[WhiteElo "1845"]
[BlackElo "1694"]
[PlyCount "62"]
[GameId "2160767740941023"]
[EventDate "2009.03.03"]
[EventType "swiss"]
[EventRounds "5"]
[EventCountry "CAN"]

1. c4 c5 2. g3 Nc6 3. Bg2 Nf6 4. Nc3 e5 5. e4 d6 6. Nge2 Be7 7. O-O O-O 8. h3 Nd4 9. d3 h6 10. Be3 a6 11. f4 Nh7 12. Kh2 f5 13. Nd5 fxe4 14. Bxe4 Nf5 15. Bxf5 Bxf5 16. g4 exf4 17. Nexf4 Bd7 18. Ng6 Re8 19. Ngxe7+ Rxe7 20. Nxe7+ Qxe7 21. Qd2 Bc6 22. Rae1 Qd8 23. Bf4 Nf6 24. Qe3 Nxg4+ 25. hxg4 Qh4+ 26. Qh3 Qf6 27. Rf2 Rf8 28. Qg3 Qd4 29. Qe3 Qf6 30. Qe6+ Qxe6 31. Rxe6 d5 {Last few moves are unclear. Black resigned on move 35.} 1-0

[Event "Winnipeg TNT March op"]
[Site "Winnipeg CAN"]
[Date "2009.03.31"]
[Round "5"]
[White "Swift, Ryne"]
[Black "Wasserman, Leor"]
[Result "1-0"]
[WhiteElo "1722"]
[BlackElo "1584"]
[PlyCount "54"]
[GameId "2160767740941024"]
[EventDate "2009.03.03"]
[EventType "swiss"]
[EventRounds "5"]
[EventCountry "CAN"]

1. e4 c5 2. Nf3 d6 3. d4 cxd4 4. Nxd4 Nf6 5. Nc3 a6 6. f3 Nc6 7. Be3 e6 8. Qd2 Be7 9. O-O-O Bd7 10. g4 h6 11. Kb1 Qc7 12. h4 b5 13. Bg2 Ne5 14. g5 hxg5 15. hxg5 Nh7 16. f4 Nc4 17. Qe1 Nxe3 18. Qxe3 O-O-O 19. Qf3 e5 20. Nd5 Qa5 21. Nxe7+ Kb7 22. g6 fxg6 23. Nxg6 exf4 24. e5+ Kb6 25. Qb7+ Kc5 26. Nxh8 Be6 27. Qa7+ Kc4 {Last couple of moves are unclear. Game probably ended with mate two moves from here.} 1-0

[Event "Winnipeg TNT March op"]
[Site "Winnipeg CAN"]
[Date "2009.03.31"]
[Round "5"]
[White "Trinidad, Kris"]
[Black "Lipic, Stephen"]
[Result "0-1"]
[WhiteElo "1563"]
[BlackElo "1649"]
[PlyCount "64"]
[GameId "2160767910239919"]
[EventDate "2009.03.03"]
[EventType "swiss"]
[EventRounds "5"]
[EventCountry "CAN"]
[SourceTitle "EXT 2011"]
[Source "ChessBase"]
[SourceDate "2011.11.26"]
[SourceVersion "1"]
[SourceVersionDate "2011.11.26"]
[SourceQuality "1"]

1. e4 c6 2. d4 d5 3. Nc3 dxe4 4. Nxe4 e5 5. Be3 f5 6. Nc5 b6 7. Nb3 e4 8. Qd2 Nf6 9. O-O-O g6 10. Ne2 Bg7 11. Ng3 Be6 12. h4 a5 13. Kb1 a4 14. Nc1 a3 15. b3 h6 16. Be2 Nd5 17. c4 Nxe3 18. fxe3 O-O 19. d5 Qf6 20. Qd4 Qd8 21. Qd2 c5 22. Nxe4 fxe4 23. dxe6 Qf6 24. Rdf1 Qa1+ 25. Kc2 Nc6 26. Rf7 Nb4+ 27. Kd1 Bc3 28. Rxf8+ Rxf8 29. Qd7 Nxa2 30. Bf3 Nxc1 31. e7 Nd3+ 32. Ke2 Qa2+ 0-1

[Event "Winnipeg TNT March op"]
[Site "Winnipeg CAN"]
[Date "2009.03.31"]
[Round "5"]
[White "Trueman, Francis"]
[Black "Evans, Brian"]
[Result "0-1"]
[WhiteElo "1522"]
[BlackElo "1552"]
[PlyCount "78"]
[GameId "2160767910239920"]
[EventDate "2009.03.03"]
[EventType "swiss"]
[EventRounds "5"]
[EventCountry "CAN"]
[SourceTitle "EXT 2011"]
[Source "ChessBase"]
[SourceDate "2011.11.26"]
[SourceVersion "1"]
[SourceVersionDate "2011.11.26"]
[SourceQuality "1"]

1. Nf3 Nf6 2. d3 d5 3. Nbd2 b6 4. g3 Bb7 5. Bg2 Nbd7 6. O-O e6 7. Re1 e5 8. e4 dxe4 9. dxe4 Bd6 10. Qe2 Nc5 11. Nc4 Nfxe4 12. Nxd6+ cxd6 13. Nd2 Nxd2 14. Bxb7 Nxb7 15. Qb5+ Qd7 16. Qxd7+ Kxd7 17. Bxd2 Rac8 18. Bc3 Nc5 19. Rad1 Ke6 20. f4 f6 21. g4 g6 22. f5+ gxf5 23. gxf5+ Ke7 24. Bb4 Rhg8+ 25. Kh1 Rg5 26. Rg1 Rcg8 27. h4 Rg4 28. Rxg4 Rxg4 29. Be1 Rf4 30. b4 Ne4 31. Kg2 Rxf5 32. b5 Ke8 33. a4 Nc5 34. Ra1 Rf4 35. Kg3 h5 36. a5 Ra4 37. Rd1 bxa5 38. Rb1 Nd7 39. Bf2 Nb6 0-1

[Event "Winnipeg TNT May op"]
[Site "Winnipeg CAN"]
[Date "2009.05.05"]
[Round "1"]
[White "Boron, Anthony"]
[Black "Trueman, Francis"]
[Result "1-0"]
[WhiteElo "2037"]
[BlackElo "1498"]
[PlyCount "75"]
[GameId "2160767910156906"]
[EventDate "2009.05.05"]
[EventType "swiss"]
[EventRounds "4"]
[EventCountry "CAN"]
[SourceTitle "EXT 2011"]
[Source "ChessBase"]
[SourceDate "2011.11.26"]
[SourceVersion "1"]
[SourceVersionDate "2011.11.26"]
[SourceQuality "1"]

1. d4 Nf6 2. Nf3 d6 3. Nc3 g6 4. e4 Bg4 5. Bg5 Bg7 6. Be2 O-O 7. h3 Bxf3 8. Bxf3 Nc6 9. O-O h6 10. Be3 e5 11. d5 Ne7 12. Qd2 Kh7 13. g4 g5 14. Ne2 Ng6 15. Ng3 Nh4 16. Bh1 Qd7 17. f3 c6 18. c4 c5 19. a3 a5 20. Kf2 a4 21. Rg1 b5 22. cxb5 Qxb5 23. Nf5 Ng6 24. Nxd6 Qb3 25. Rgc1 Rfd8 26. Rc3 Qb8 27. Nf5 Nf4 28. Nxg7 Kxg7 29. Bxf4 exf4 30. Rac1 Nd7 31. Bg2 Qb6 32. Bf1 Ne5 33. Kg2 Rac8 34. Qf2 Nd7 35. Rc4 Rb8 36. R1c2 Rdc8 37. Rxa4 Ne5 38. Bc4 1-0

[Event "Winnipeg TNT May op"]
[Site "Winnipeg CAN"]
[Date "2009.05.05"]
[Round "1"]
[White "Lauritson, Jim"]
[Black "Menard, Trevor"]
[Result "1-0"]
[WhiteElo "1940"]
[BlackElo "1272"]
[PlyCount "93"]
[GameId "2160767910156908"]
[EventDate "2009.05.05"]
[EventType "swiss"]
[EventRounds "4"]
[EventCountry "CAN"]
[SourceTitle "EXT 2011"]
[Source "ChessBase"]
[SourceDate "2011.11.26"]
[SourceVersion "1"]
[SourceVersionDate "2011.11.26"]
[SourceQuality "1"]

1. d4 c5 2. d5 Nf6 3. c4 b5 4. Nf3 h6 5. Nbd2 Qa5 6. Qc2 Ba6 7. e4 d6 8. Bd3 bxc4 9. Bxc4 Nbd7 10. O-O Bxc4 11. Nxc4 Qc7 12. Bf4 Nb6 13. Rad1 g5 14. Bg3 Rb8 15. Ne3 Qb7 16. Rfe1 Bg7 17. e5 Nfxd5 18. Nxd5 Nxd5 19. exd6 O-O 20. Rxd5 Qxd5 21. dxe7 Rxb2 22. exf8=Q+ Kxf8 23. Qa4 Kg8 24. Rd1 Qe6 25. Qxa7 c4 26. Re1 Qf5 27. h3 c3 28. Nd4 Qd3 29. Nb3 c2 30. Nc1 Qd2 31. Qa8+ Kh7 32. Qe4+ Kg8 33. Qe2 Bc3 34. Qe8+ Kg7 35. Be5+ Bxe5 36. Qxe5+ Kf8 37. a4 Rb1 38. Qe3 Qd1 39. a5 f5 40. Qe8+ Kg7 41. Qe5+ Kg6 42. Qe3 f4 43. Qe6+ Kh5 44. Qf7+ Kh4 45. Kh2 Qxe1 46. Qg6 Qxf2 47. Qxh6# 1-0

[Event "Winnipeg TNT May op"]
[Site "Winnipeg CAN"]
[Date "2009.05.05"]
[Round "1"]
[White "Letain, Cory"]
[Black "Kaptsan, Aron"]
[Result "0-1"]
[WhiteElo "1586"]
[BlackElo "2084"]
[PlyCount "78"]
[GameId "2160767910156909"]
[EventDate "2009.05.05"]
[EventType "swiss"]
[EventRounds "4"]
[EventCountry "CAN"]
[SourceTitle "EXT 2011"]
[Source "ChessBase"]
[SourceDate "2011.11.26"]
[SourceVersion "1"]
[SourceVersionDate "2011.11.26"]
[SourceQuality "1"]

1. d4 Nf6 2. c4 e6 3. Nf3 c5 4. e3 d5 5. Nc3 Nc6 6. Be2 dxc4 7. Bxc4 cxd4 8. Nxd4 Nxd4 9. exd4 Bd6 10. O-O a6 11. Bg5 Qc7 12. Qa4+ Bd7 13. Bb5 Bxh2+ 14. Kh1 Bd6 15. Bxf6 gxf6 16. Bxd7+ Qxd7 17. Qxd7+ Kxd7 18. Ne4 Be7 19. Nc5+ Bxc5 20. dxc5 Kc6 21. b4 Rad8 22. g3 Rd2 23. Kg2 Rhd8 24. Rh1 Rb2 25. Rxh7 Rdd2 26. a3 Rxf2+ 27. Kh1 f5 28. Rxf7 Rh2+ 29. Kg1 Rbg2+ 30. Kf1 Rxg3 31. Re7 Rh1+ 32. Kf2 Rxa1 33. Rxe6+ Kc7 34. Kxg3 Rxa3+ 35. Kf4 Ra4 36. Re7+ Kc8 37. Kxf5 Rxb4 38. Ke5 Rb1 39. Kd6 Rd1+ 0-1

[Event "Winnipeg TNT May op"]
[Site "Winnipeg CAN"]
[Date "2009.05.05"]
[Round "1"]
[White "Lipic, Stephen"]
[Black "Lipnowski, Samuel"]
[Result "0-1"]
[WhiteElo "1698"]
[BlackElo "2272"]
[PlyCount "98"]
[GameId "2160767910156910"]
[EventDate "2009.05.05"]
[EventType "swiss"]
[EventRounds "4"]
[EventCountry "CAN"]
[SourceTitle "EXT 2011"]
[Source "ChessBase"]
[SourceDate "2011.11.26"]
[SourceVersion "1"]
[SourceVersionDate "2011.11.26"]
[SourceQuality "1"]

1. f4 c5 2. Nf3 d6 3. e3 Nc6 4. Be2 e5 5. fxe5 dxe5 6. d3 Nf6 7. O-O e4 8. Nfd2 exd3 9. cxd3 Bd6 10. Nc3 O-O 11. Nde4 Nxe4 12. Nxe4 Be7 13. Bd2 f5 14. Nf2 Be6 15. Nh3 Kh8 16. Nf4 Bf7 17. Bc3 Bf6 18. Qc2 Qe7 19. Rf3 Ne5 20. Rh3 Ng4 21. e4 Qd6 22. Rf1 Bd4+ 23. Bxd4 Qxd4+ 24. Kh1 Nf2+ 25. Rxf2 Qxf2 26. Qc1 fxe4 27. b3 g5 28. Qc3+ Qd4 29. Qxd4+ cxd4 30. Nh5 Bg6 31. dxe4 Bxe4 32. Kg1 Rac8 33. Bf3 Rc1+ 34. Kf2 g4 35. Rg3 Rc2+ 36. Ke1 gxf3 37. gxf3 Rxf3 38. b4 Rxg3 39. Nxg3 Bg6 40. b5 Rxh2 41. b6 axb6 42. a4 Rg2 43. Nf1 Rg1 44. a5 bxa5 45. Kf2 Rxf1+ 46. Ke2 Rf4 47. Kd2 Rf2+ 48. Kd1 a4 49. Ke1 Rc2 0-1

[Event "Winnipeg TNT May op"]
[Site "Winnipeg CAN"]
[Date "2009.05.05"]
[Round "1"]
[White "Nikouline, Alexandre"]
[Black "Campbell, Gary"]
[Result "1-0"]
[WhiteElo "2111"]
[BlackElo "1638"]
[PlyCount "43"]
[GameId "2160767910156911"]
[EventDate "2009.05.05"]
[EventType "swiss"]
[EventRounds "4"]
[EventCountry "CAN"]
[SourceTitle "EXT 2011"]
[Source "ChessBase"]
[SourceDate "2011.11.26"]
[SourceVersion "1"]
[SourceVersionDate "2011.11.26"]
[SourceQuality "1"]

1. e4 e6 2. d4 d5 3. e5 c5 4. c3 Nc6 5. Be3 cxd4 6. cxd4 Nge7 7. Bd3 Qb6 8. Nc3 Bd7 9. Nge2 Rc8 10. O-O Nb4 11. Na4 Bxa4 12. Qxa4+ Nbc6 13. a3 Qa5 14. Qd1 Nf5 15. b4 Nxe3 16. fxe3 Qd8 17. Nc3 Be7 18. Qg4 O-O 19. Ne2 f6 20. Qxe6+ Kh8 21. Qh3 h6 22. Qf5 1-0

[Event "Winnipeg TNT May op"]
[Site "Winnipeg CAN"]
[Date "2009.05.05"]
[Round "1"]
[White "Ott, Richard"]
[Black "Kernetsky, Myron"]
[Result "0-1"]
[WhiteElo "1456"]
[BlackElo "1982"]
[PlyCount "70"]
[GameId "2160767910156912"]
[EventDate "2009.05.05"]
[EventType "swiss"]
[EventRounds "4"]
[EventCountry "CAN"]
[SourceTitle "EXT 2011"]
[Source "ChessBase"]
[SourceDate "2011.11.26"]
[SourceVersion "1"]
[SourceVersionDate "2011.11.26"]
[SourceQuality "1"]

1. d4 Nf6 2. Nf3 e6 3. c4 b6 4. Nc3 Bb4 5. e3 Bb7 6. Bd3 Ne4 7. Qb3 Bxc3+ 8. bxc3 O-O 9. Ba3 d6 10. d5 exd5 11. cxd5 Qe7 12. Nd4 Nd7 13. O-O Ndc5 14. Qc2 Nxd3 15. Qxd3 Bxd5 16. Nf5 Qe5 17. Nd4 Bb7 18. c4 a6 19. f4 Qa5 20. f5 Qc3 21. Qxc3 Nxc3 22. Bb2 Na4 23. Bc1 Rfe8 24. f6 g6 25. e4 Rxe4 26. Nf5 gxf5 27. Rxf5 Rg4 28. Rg5+ Rxg5 29. Bxg5 Re8 30. Bh6 Re2 31. Kf1 Re6 32. Bg7 Nc3 33. a4 a5 34. Ra3 Ne4 35. Re3 Ba6 0-1

[Event "Winnipeg TNT May op"]
[Site "Winnipeg CAN"]
[Date "2009.05.05"]
[Round "1"]
[White "Rutter, Blair"]
[Black "Czypinski, Jaroslaw"]
[Result "0-1"]
[WhiteElo "1839"]
[BlackElo "1831"]
[PlyCount "104"]
[GameId "2160767910156913"]
[EventDate "2009.05.05"]
[EventType "swiss"]
[EventRounds "4"]
[EventCountry "CAN"]
[SourceTitle "EXT 2011"]
[Source "ChessBase"]
[SourceDate "2011.11.26"]
[SourceVersion "1"]
[SourceVersionDate "2011.11.26"]
[SourceQuality "1"]

1. c4 Nf6 2. g3 e6 3. Nc3 Bb4 4. Bg2 O-O 5. e4 Bxc3 6. bxc3 e5 7. Ne2 Re8 8. O-O d6 9. h3 Nbd7 10. d3 Nc5 11. Be3 Bd7 12. Qd2 Ne6 13. f4 exf4 14. Nxf4 Nxf4 15. Bxf4 Nh5 16. Kh2 Nxf4 17. gxf4 f5 18. Rae1 fxe4 19. Bxe4 Bc6 20. Qg2 Bxe4 21. Rxe4 Rxe4 22. Qxe4 Qe8 23. Qd5+ Kf8 24. Qf5+ Kg8 25. Qd5+ Kf8 26. Qxb7 Qe2+ 27. Qg2 Re8 28. Rf3 Qxg2+ 29. Kxg2 Re1 30. Rf2 Ke7 31. Kf3 Rc1 32. Ke4 Rxc3 33. Kd4 Ra3 34. Rb2 Kd7 35. f5 Ra5 36. Rf2 Ke7 37. Ke4 Kf6 38. d4 Ra3 39. Rh2 c6 40. h4 Rc3 41. c5 d5+ 42. Kf4 Rd3 43. Rb2 Rxd4+ 44. Kg3 Ra4 45. Re2 Kxf5 46. Rf2+ Ke6 47. Re2+ Re4 48. Rb2 d4 49. Rb7 d3 50. Kf3 d2 51. Kxe4 d1=Q 52. Rxg7 Qd5+ 0-1

[Event "Winnipeg TNT May op"]
[Site "Winnipeg CAN"]
[Date "2009.05.05"]
[Round "1"]
[White "Schulz, Waldemar"]
[Black "Milord, Frank"]
[Result "1-0"]
[WhiteElo "2059"]
[BlackElo "1574"]
[PlyCount "83"]
[GameId "2160767910156914"]
[EventDate "2009.05.05"]
[EventType "swiss"]
[EventRounds "4"]
[EventCountry "CAN"]
[SourceTitle "EXT 2011"]
[Source "ChessBase"]
[SourceDate "2011.11.26"]
[SourceVersion "1"]
[SourceVersionDate "2011.11.26"]
[SourceQuality "1"]

1. Nf3 Nf6 2. g3 d5 3. Bg2 b6 4. O-O Nbd7 5. d4 Bb7 6. b3 e6 7. Bb2 Bd6 8. Nbd2 O-O 9. Ne5 Qe7 10. Ndf3 Ba3 11. Bxa3 Qxa3 12. c4 c5 13. Qc1 Qxc1 14. Raxc1 Rac8 15. dxc5 Nxc5 16. Nd4 Ba8 17. Rc2 Rfd8 18. e3 Ncd7 19. Nxd7 Rxd7 20. Rfc1 Rdc7 21. Nb5 Rc5 22. Nxa7 R8c7 23. Nb5 Rc8 24. Nd4 g6 25. cxd5 Rxc2 26. Rxc2 Rxc2 27. Nxc2 Bxd5 28. Bxd5 Nxd5 29. Kf1 Kf8 30. Ke1 Ke7 31. Kd2 f5 32. Kd3 Kd6 33. a3 e5 34. Kc4 Kc6 35. Nb4+ Nxb4 36. Kxb4 b5 37. f3 g5 38. a4 bxa4 39. bxa4 h5 40. Kc4 f4 41. exf4 g4 42. fxg4 1-0

[Event "Winnipeg TNT May op"]
[Site "Winnipeg CAN"]
[Date "2009.05.05"]
[Round "1"]
[White "Wasserman, Leor"]
[Black "Mundwiler, Les"]
[Result "0-1"]
[WhiteElo "1566"]
[BlackElo "2044"]
[PlyCount "74"]
[GameId "2160767910156916"]
[EventDate "2009.05.05"]
[EventType "swiss"]
[EventRounds "4"]
[EventCountry "CAN"]
[SourceTitle "EXT 2011"]
[Source "ChessBase"]
[SourceDate "2011.11.26"]
[SourceVersion "1"]
[SourceVersionDate "2011.11.26"]
[SourceQuality "1"]

1. e4 d6 2. d4 g6 3. Nf3 Bg7 4. Bc4 Nf6 5. Nc3 O-O 6. O-O c6 7. Bg5 b5 8. Bb3 b4 9. Bxf6 Bxf6 10. Ne2 Bg4 11. Qd3 Qb6 12. Rad1 Na6 13. h3 Bd7 14. Nf4 Nc7 15. e5 Bg7 16. Ng5 d5 17. Nf3 a5 18. c3 a4 19. Bc2 b3 20. axb3 axb3 21. Bb1 Bf5 22. Qd2 Bxb1 23. Rxb1 Bh6 24. Nxd5 cxd5 25. Qxh6 f6 26. exf6 exf6 27. Rfe1 Rfe8 28. Nh4 Ne6 29. f4 Ng7 30. g4 Qd6 31. Ra1 Rxe1+ 32. Rxe1 Ra2 33. Rb1 Qe7 34. Kh2 Qe4 35. Rc1 Rxb2+ 36. Kg3 Qe3+ 37. Nf3 Qf2# 0-1